30 in 60: African Countries by Capital Quiz Stats

 Plays Quiz not verified by Sporcle

Score 0/30 Timer 01:00
0 Plays Today
% Correct
Libya
77%
Kenya
75.4%
Ethiopia
74.2%
Egypt
73%
South Africa
72.6%
Tunisia
71.8%
Togo
71.8%
Madagascar
71%
Morocco
70.6%
Somalia
70.2%
Guinea Bissau
70.2%
Ghana
69.4%
Sudan
68.7%
Cameroon
68.7%
Democratic Republic of the Congo
67.9%
% Correct
Angola
67.5%
South Sudan
65.9%
Guinea
63.9%
Namibia
63.5%
Chad
61.5%
Gabon
61.5%
Mali
61.1%
Eritrea
60.7%
Mauritania
60.3%
Benin
58.7%
Cabo Verde
56.3%
Lesotho
56.3%
Central African Republic
55.2%
The Gambia
55.2%
Equatorial Guinea
52.8%

You're not logged in!

Compare scores with friends on all Sporcle quizzes.
OR
Log In

Sporcle TV

Today on Sporcle TV


Watch our educational content, quiz creation guides, and fun videos on Sporcle TV.

Show Comments

Extras

Top Quizzes Today


Score Distribution

Your Account Isn't Verified!

In order to create a playlist on Sporcle, you need to verify the email address you used during registration. Go to your Sporcle Settings to finish the process.

Report this User

Report this user for behavior that violates our Community Guidelines.

Details: